| 000 | 01040nam a2200265 a 4500 | ||
|---|---|---|---|
| 005 | 20240529140130.0 | ||
| 008 | 210602b bul|||||r ||||||| ||bul|| | ||
| 020 | _a9786191518951 | ||
| 040 | _aBLK | ||
| 041 |
_aBUL _cBUL |
||
| 080 |
_aБългарска литература _b821.163.2 _x-93-1 _z821.163.2-93-1 |
||
| 100 |
_aЖекова, Ангелина Иванова _d1944- _9366328 |
||
| 139 |
_aЖекова, Ангелина Иванова _bЖ 32 |
||
| 245 |
_aПеперудката _cАнгелина Жекова ; ил. Кирил Танев. |
||
| 257 | _aBGR | ||
| 260 |
_aСофия _bСофтПрес _c2023 _9209582 _n978-619-151- ; 978-954-685- _fКостинброд : Мултипринт |
||
| 300 |
_a[10] с. _bс цв. ил. _c22Х22 см |
||
| 380 | _aDX | ||
| 490 |
_9488014 _aЖивотни любими, описани в рими |
||
| 700 |
_aТанев, Кирил Танов _eхудож. _91637 |
||
| 852 |
_aЦб 322668 _bЦб |
||
| 856 |
_i0.00 _ldisable |
||
| 942 |
_cKNG _n0 _s1 |
||
| 999 |
_c511028 _d511028 |
||
| 999 | _d492132 | ||
| 944 |
_a30545 _cНора Радева _k30545 _lНора Радева |
||